1809 1196 1272 1652 1943 1412 1414 1880 1222 1904 1149 1727 1003 1800 1140 1394 1037 1998 1536 1658 1711 1166 1049 1822 1560 1055 1613 1544 1056 1139 1990 1146 1123 1337 1793 1138 1064 1630 1351 1386 1177 1620 1222 1406 1509 1476 1078 1525 1766 1861 1857 1063 1303 1034 1144 1566 1861 1110 1351 1362 1062 1357 1462 1341 1745 1787 1200 1521 1543 1158 1976 1007 1911 1919 1635 1120 1120 1837 1361 1810 1381 1706 1446 1085 1783 1675 1968 1593 1800 1138 1793 1131 1738 1495 1147 1203 1901 1108 1136 BCNSPRNW ULIB Ver.6.0+V

เปลี่ยนเป็นภาษาไทย

Change to English
 แสดงรายละเอียดบรรณานุกรม
  กลับหน้าหลัก

Brief Record : Get Marc (ISO 2709) : E-mail record : QR code < ปิดหน้าต่าง
LEADER : 00000nam 2200000uu 4500
001    13399120734
003     ULIB
008    121005s2552||||th 000 0 tha d
020    ^a9786117042065
050 04 ^aBQ893^bก111ล
100 0  ^aก.วชิรปัญโญ
245 10 ^aลมหายใจสุดท้าย--ของพระพุทธเจ้า /^cก.วชิรปัญโญ
246 30 ^aลมหายใจสุดท้าย...ของพระพุทธเจ้า
260    ^aกรุงเทพฯ :^bปราชญ์,^c2552
300    ^a176 หน้า ;^c21 ซม.
650  7 ^aพระพุทธเจ้า
650  7 ^aพุทธศาสนา
945    ^p145^l0^i16230
995    ^aวิภา
999 ^a ใช้งานได้ทุกระบบ
รายการนี้ยังไม่มีแท็ก
คุณยังไม่ได้ล็อกอิน คุณสามารถมีกิจกรรมร่วมกับเว็บไซต์ได้ แต่ต้องล็อกอินก่อน ::
  ล็อกอิน

รายการสื่อสารสนเทศ

ลำดับที่ ประเภท เลขเรียก/บาร์โค้ด สถานที่ สถานะ
1. วิทยาศาสตร์การแพทย์ และสุขภาพ
วิทยาศาสตร์การแพทย์ และสุขภาพ
BQ893 ก111ล  
  Barcode: 16230
ห้องสมุดวิทยาเขตสวรรค์ประชารักษ์
►หนังสือทั่วไป
บนชั้น

รายการใกล้เคียง
    ผู้แต่ง [ก.วชิรปัญโญ]

    หัวเรื่อง [พระพุทธเจ้า]
    หัวเรื่อง [พุทธศาสนา]

BibComment


ยังไม่เคยถูกคอมเมนท์

คอมเมนท์ทรัพยากรรายการนี้
  คอมเมนท์: ลมหายใจสุดท้ายขอ..


 Copyright 2026. Bcnsprnw @Library